|
|
|
แสดงรายละเอียดบรรณานุกรม |
|
|
Brief Record
: Get Marc (ISO 2709)
: E-mail record
: |
|
|
| LEADER 00000nam 2200000 a 4500 | |||
| 001 13399121827 | |||
| 003 BCNR | |||
| 008 110922s2552 th a 000 0 tha d | |||
| 020 ^a9789742353421 | |||
| 050 4 ^aBQ4570.L5^bพ358ห 2552 | |||
| 100 0 ^aพระมหาสมปอง ตาลปุตฺโต | |||
| 245 10 ^aหลวงพี่มาแล้ว เล่ม 1 /^cพระมหาสมปอง ตาลปุตฺโต, ปู่ฐา พระนอกเครื่องแบบ ; เรียบเรียงโดย ศราวุธ เอี่ยมเซี่ยม | |||
| 250 ^aพิมพ์ครั้งที่ 1 | |||
| 260 ^aนนทบุรี :^bดรีม,^c2552 | |||
| 300 ^a159 หน้า :^bภาพประกอบ (ภาพสีบางภาพ) ;^c19 ซม. | |||
| 650 7 ^aธรรมะกับชีวิตประจำวัน | |||
| 650 7 ^aการดำเนินชีวิต | |||
| 650 7 ^aธรรมเทศนา | |||
| 700 0 ^aปู่ฐา พระนอกเครื่องแบบ | |||
| 700 0 ^aศราวุธ เอี่ยมเซี่ยม,^eเรียบเรียง | |||
| 999 ^aบรรณารักษ์ | |||
| คุณยังไม่ได้ล็อกอิน คุณสามารถมีกิจกรรมร่วมกับเว็บไซต์ได้ แต่ต้องล็อกอินก่อน :: |
|
| สถานะ | |||||||||
| 1. | หนังสือ | BQ4570.L5 พ358ห 2552 ฉ.1 Barcode: 044306 | ►หนังสือทั่วไป | On Shelf | |||||
| 2. | หนังสือ | BQ4570.L5 พ358ห 2552 ฉ.2 Barcode: 045071 | ►หนังสือทั่วไป | On Shelf | |||||
| 3. | หนังสือ | BQ4570.L5 พ358ห 2552 ฉ.3 Barcode: 045072 | ►หนังสือทั่วไป | On Shelf | |||||
| [แสดง 3/3 รายการ] | |||||||||
| รายการใกล้เคียง ผู้แต่ง [พระมหาสมปอง ตาลปุตฺโต]
หัวเรื่อง [ธรรมะกับชีวิตประจำวัน] หัวเรื่อง [การดำเนินชีวิต]
|
BibComment |
| คอมเมนท์ทรัพยากรรายการนี้ |
|
|